000 005800000a22001930004500
003 LK-CoMWRAF
005 20231013103727.0
008 230817t1992 ||||| |||| 00| 0 eng d
040 _aLK-CoMWRAF
_dLK-CoMWRAF
_eLK-CoMWRAF
041 _aeng
082 _a016.3054
_bWOM
245 _aThe women of Pakistan:
_ba selected bibliography with annotations
260 _aLahore:
_bShirkat Gah,
_c1992
300 _aiv, 238 p. ; 26 cm.
650 _aWOMEN-Pakistan -- Bibliography
650 _aPakistan - Social conditions -Bibliography
700 _aShaheed, Farida
_eed.
942 _cBK
999 _c425
_d425